| 000 | 00441nam a2200157Ia 4500 | ||
|---|---|---|---|
| 008 | 220204s9999 xx 000 0 und d | ||
| 020 | _a0792315685 | ||
| 082 |
_a575:630:311.3 _bFIN |
||
| 100 | _aFins, Lauren | ||
| 245 | 0 | _aHandbook of quantitative forest genetics | |
| 260 |
_aNetherlans _bKluwer Academic Publishers _c1992 |
||
| 650 | _aField test design | ||
| 650 | _aQuantitative genetics | ||
| 650 | _aYield estimation | ||
| 942 | _cBK | ||
| 999 |
_c42257 _d42257 |
||